[Event "Mersin op 5th"]
[Site "Mersin"]
[Date "2021.11.17"]
[Round "2"]
[White "Adiguzel, Ufuk Alp"]
[Black "Sazlik, Mucahit"]
[Result "1-0"]
[WhiteElo "1963"]
[BlackElo "1452"]
[PlyCount "115"]
[EventDate "2021.11.16"]
[EventType "swiss"]
[EventRounds "9"]
[EventCountry "TUR"]
[SourceTitle "EXT 2023"]
[Source "ChessBase"]
[SourceDate "2022.10.05"]
[SourceVersion "1"]
[SourceVersionDate "2022.10.05"]
[SourceQuality "1"]

1. e4 e6 2. d3 g6 3. Nf3 Bg7 4. g3 b6 5. Bg2 Bb7 6. 0-0 d6 7. c3 Nd7 8. Re1 Ne7 9. Nbd2 0-0 10. Nf1 c5 11. Bg5 h6 12. Bf4 d5 13. h4 e5 14. Bd2 dxe4 15. dxe4 Qc7 16. Qc1 Kh7 17. Ne3 Rad8 18. Ng4 Ng8 19. Qc2 Rfe8 20. Rad1 Ngf6 21. Nfh2 h5 22. Nxf6+ Nxf6 23. Nf3 Ng4 24. Ng5+ Kg8 25. f3 Nh6 26. Bf1 Rd6 27. Bc4 Kh8 28. Be3 Red8 29. Rxd6 Rxd6 30. Rd1 Rxd1+ 31. Qxd1 Bc6 32. Qd2 b5 33. Bd5 c4 34. Bxc6 Qxc6 35. Qd8+ Ng8 36. Nxf7+ Kh7 37. Qd6 Qxd6 38. Nxd6 a6 39. a4 bxa4 40. Nxc4 Bf8 41. Nxe5 a3 42. bxa3 Bxa3 43. Nc4 Be7 44. Kf2 Nf6 45. Ke2 Nd7 46. Kd3 Kg7 47. Bd4+ Kf8 48. Ne5 Nxe5+ 49. Bxe5 g5 50. hxg5 Bxg5 51. Bd6+ Kf7 52. f4 Bd8 53. e5 Ke6 54. Ke4 Ba5 55. f5+ Kd7 56. Bb4 Bb6 57. Kd5 Bf2 58. f6 1-0

[Event "TUR Cup"]
[Site "Antalya"]
[Date "2019.01.29"]
[Round "4"]
[White "Sazlik, Mucahit"]
[Black "Ilek, Kadir Bertan"]
[Result "1-0"]
[WhiteElo "1527"]
[BlackElo "1293"]
[PlyCount "107"]
[EventDate "2019.01.27"]
[EventType "swiss"]
[EventRounds "11"]
[EventCountry "TUR"]
[SourceTitle "CBM 188 Extra"]
[Source "ChessBase"]
[SourceDate "2019.02.26"]
[SourceVersion "1"]
[SourceVersionDate "2019.02.26"]
[SourceQuality "1"]

1. d4 d5 2. Nf3 Nf6 3. c4 c6 4. Nc3 e6 5. Bg5 Nbd7 6. e3 h6 7. Bh4 Qc7 8. Qc2 Bb4 9. a3 Qa5 10. Bd3 dxc4 11. Bxc4 Nd5 12. Bxd5 exd5 13. 0-0 Bd6 14. b4 Qc7 15. Rfc1 Nb6 16. Nb5 Qb8 17. Nxd6+ Qxd6 18. Bg3 Qe7 19. Ne5 g6 20. Qb3 Bf5 21. a4 f6 22. a5 Nd7 23. Nxd7 Bxd7 24. b5 0-0 25. bxc6 Bxc6 26. a6 Rfc8 27. Rc5 Kh8 28. Rac1 h5 29. h3 g5 30. axb7 Qxb7 31. Qc2 h4 32. Rxc6 Rxc6 33. Qxc6 Qxc6 34. Rxc6 hxg3 35. fxg3 a5 36. Rxf6 a4 37. Rf1 a3 38. Ra1 Kg7 39. Kf2 Kf6 40. Kf3 a2 41. g4 Ke6 42. g3 Kd6 43. h4 Kc6 44. hxg5 Kb5 45. Kf4 Kb4 46. g6 Kb3 47. Kg5 Kb2 48. Rxa2+ Kxa2 49. g7 Kb3 50. Kh6 Kc3 51. Kh7 Kd3 52. g8Q Rxg8 53. Kxg8 Kxe3 54. g5 1-0

[Event "TUR Cup"]
[Site "Antalya"]
[Date "2019.01.28"]
[Round "3"]
[White "Ceylan, Sezer"]
[Black "Sazlik, Mucahit"]
[Result "1-0"]
[WhiteElo "1689"]
[BlackElo "1527"]
[PlyCount "65"]
[EventDate "2019.01.27"]
[EventType "swiss"]
[EventRounds "11"]
[EventCountry "TUR"]
[SourceTitle "CBM 188 Extra"]
[Source "ChessBase"]
[SourceDate "2019.02.26"]
[SourceVersion "1"]
[SourceVersionDate "2019.02.26"]
[SourceQuality "1"]

1. e4 e6 2. d4 d5 3. Nd2 Nf6 4. e5 Nfd7 5. Bd3 c5 6. c3 Nc6 7. Ne2 cxd4 8. cxd4 f6 9. exf6 Nxf6 10. 0-0 Bd6 11. Nf3 Qc7 12. Bg5 0-0 13. Rc1 Ng4 14. Ng3 g6 15. Bb1 Qb6 16. Rc3 Bd7 17. Rb3 Qc7 18. Nh4 Nf6 19. Bxg6 hxg6 20. Nxg6 Kg7 21. Nxf8 Rxf8 22. Nh5+ Nxh5 23. Qxh5 Rh8 24. Bf6+ Kxf6 25. Rf3+ Ke7 26. Rf7+ Ke8 27. Rh7+ Kd8 28. Rxh8+ Ke7 29. Qg5+ Kf7 30. Qg8+ Kf6 31. Rh6+ Kf5 32. Qg6+ Kf4 33. Rh4# 1-0

[Event "TUR Cup										"]
[Site "Antalya"]
[Date "2018.01.28"]
[Round "3"]
[White "Onem, Cem"]
[Black "Sazlik, Mucahit"]
[Result "1-0"]
[WhiteElo "1795"]
[BlackElo "1608"]
[PlyCount "122"]
[EventDate "2018.01.27"]
[EventType "swiss"]
[EventRounds "11"]
[EventCountry "TUR"]
[SourceTitle "CBM 182 Extra"]
[Source "ChessBase"]
[SourceDate "2018.02.23"]
[SourceVersion "1"]
[SourceVersionDate "2018.02.23"]
[SourceQuality "1"]

1. d4 d5 2. c4 c6 3. Nf3 Nf6 4. Nc3 dxc4 5. a4 Bf5 6. Ne5 Nbd7 7. Nxc4 Qc7 8. f3 e5 9. dxe5 Nxe5 10. e4 Be6 11. Bf4 Rd8 12. Qc1 Bxc4 13. Bxc4 Bd6 14. Bxe5 Bxe5 15. g3 Qb6 16. Ke2 Qd4 17. Nd1 Rd7 18. Ra3 0-0 19. a5 Rfd8 20. Rd3 Qxd3+ 21. Bxd3 Rxd3 22. Qc2 c5 23. Qxd3 Rxd3 24. Kxd3 Bc7 25. a6 bxa6 26. Nc3 Kf8 27. Na4 Bb6 28. Ra1 a5 29. Kc4 Nd7 30. Kb5 Ke7 31. f4 Nf6 32. Re1 Nd7 33. Nxb6 axb6 34. Kc6 g6 35. e5 c4 36. Rc1 f6 37. exf6+ Nxf6 38. Rxc4 Ng4 39. Re4+ Kf6 40. Re2 h5 41. Kxb6 Kf5 42. h3 Nh6 43. Re5+ Kf6 44. Kxa5 Nf5 45. g4 Nd4 46. g5+ Kf7 47. Re4 Nb3+ 48. Kb5 Nd2 49. Re3 Nf1 50. Re5 Nd2 51. b4 Nf3 52. Kc5 Nxe5 53. fxe5 Ke6 54. b5 Kxe5 55. b6 Kf4 56. b7 Kxg5 57. b8Q Kh4 58. Qf4+ Kxh3 59. Qg5 h4 60. Kd4 Kh2 61. Ke3 h3 1-0

[Event "TUR Cup"]
[Site "Antalya"]
[Date "2017.02.03"]
[Round "10"]
[White "Sazlik, Mucahit"]
[Black "Sat, Eray"]
[Result "0-1"]
[WhiteElo "1642"]
[BlackElo "1839"]
[PlyCount "68"]
[EventDate "2017.01.28"]
[EventType "swiss"]
[EventRounds "11"]
[EventCountry "TUR"]
[SourceTitle "CBM 176 Extra"]
[Source "ChessBase"]
[SourceDate "2017.03.02"]
[SourceVersion "1"]
[SourceVersionDate "2017.03.02"]
[SourceQuality "1"]

1. d4 Nf6 2. Bf4 d5 3. e3 c5 4. Nf3 Nc6 5. c3 Qb6 6. Qb3 c4 7. Qxb6 axb6 8. h3 Bf5 9. Nbd2 h6 10. g4 Bh7 11. Bg2 e6 12. 0-0 b5 13. a3 Be7 14. Ne5 Nxe5 15. Bxe5 0-0 16. Rfe1 Ra6 17. e4 Nxe4 18. Nxe4 dxe4 19. Bxe4 Bxe4 20. Rxe4 b4 21. cxb4 Bxb4 22. Rc1 Bd2 23. Rxc4 Rb6 24. Rc2 Bg5 25. f4 Bh4 26. Ree2 Rb3 27. Rc3 Rxc3 28. bxc3 Rc8 29. Rc2 Be7 30. a4 f6 31. Rb2 fxe5 32. Rxb7 exd4 33. cxd4 Bf6 34. Rb6 Bxd4+ 0-1

[Event "TUR Cup"]
[Site "Antalya"]
[Date "2017.01.29"]
[Round "3"]
[White "Can, Isik"]
[Black "Sazlik, Mucahit"]
[Result "1-0"]
[WhiteElo "1812"]
[BlackElo "1642"]
[PlyCount "29"]
[EventDate "2017.01.28"]
[EventType "swiss"]
[EventRounds "11"]
[EventCountry "TUR"]
[SourceTitle "CBM 176 Extra"]
[Source "ChessBase"]
[SourceDate "2017.03.02"]
[SourceVersion "1"]
[SourceVersionDate "2017.03.02"]
[SourceQuality "1"]

1. e4 e6 2. d4 d5 3. Nd2 Nf6 4. Bd3 c5 5. c3 Nc6 6. Ngf3 Be7 7. a3 0-0 8. e5 Nd7 9. h4 Qb6 10. Bxh7+ Kh8 11. Ng5 g6 12. Ndf3 Kg7 13. Qd2 cxd4 14. Nxe6+ Kh8 15. Qh6 1-0

[Event "Manavgat Turkey Cup"]
[Site "Manavgat"]
[Date "2015.02.06"]
[Round "10"]
[White "Sahin, Hayrun Nisa"]
[Black "Sazlik, Mucahit"]
[Result "1-0"]
[WhiteElo "1596"]
[BlackElo "1572"]
[PlyCount "141"]
[EventDate "2015.01.31"]
[EventType "swiss"]
[EventRounds "11"]
[EventCountry "TUR"]
[SourceTitle "CBM 164 Extra"]
[Source "ChessBase"]
[SourceDate "2015.03.02"]
[SourceVersion "1"]
[SourceVersionDate "2015.03.02"]
[SourceQuality "1"]

1. e4 e6 2. d3 d5 3. Nd2 c5 4. g3 Nc6 5. Bg2 g6 6. Ngf3 Bg7 7. 0-0 d4 8. Re1 e5 9. Nf1 Bg4 10. h3 Be6 11. h4 Qd7 12. Ng5 0-0-0 13. Nh2 f6 14. Nxe6 Qxe6 15. a4 Nge7 16. Bd2 h5 17. Qe2 Kb8 18. Reb1 Bh6 19. Be1 a5 20. Nf1 Nc8 21. Kh2 Nd6 22. Bh3 Qf7 23. Bg2 g5 24. f3 gxh4 25. gxh4 Bf4+ 26. Bg3 Bh6 27. Bh3 Rdg8 28. Nd2 Rg6 29. Rg1 Rhg8 30. Bf2 Bf4+ 31. Kh1 Bg3 32. c4 Qg7 33. Rg2 Bxf2 34. Qxf2 Nb4 35. Rxg6 Qxg6 36. Bf1 Nc2 37. Rc1 Ne3 38. Bh3 f5 39. Rg1 Qxg1+ 40. Qxg1 Rxg1+ 41. Kxg1 f4 42. b3 Kc7 43. Be6 Kd8 44. Bh3 Ke7 45. Kh2 Nf7 46. Bc8 b6 47. Bh3 Nd8 48. Bf1 Nc6 49. Be2 Nb4 50. Kg1 Na2 51. Kf2 Nc1 52. Bf1 Nxf1 53. Kxf1 Nxd3 54. Ke2 Nb4 55. Ke1 Nc6 56. Kf2 Kd6 57. Kg2 d3 58. Kf2 Nd4 59. Kg2 Nxb3 60. Nxb3 b5 61. Kf2 bxc4 62. Nxa5 c3 63. Nc4+ Kc7 64. Nxe5 c4 65. Ke1 c2 66. Kd2 c3+ 67. Kc1 d2+ 68. Kxc2 Kb6 69. Nd3 Ka5 70. e5 Kxa4 71. e6 1-0

[Event "Manavgat Turkey Cup"]
[Site "Manavgat"]
[Date "2015.02.03"]
[Round "5"]
[White "Arat, Yagiz"]
[Black "Sazlik, Mucahit"]
[Result "1-0"]
[WhiteElo "1795"]
[BlackElo "1572"]
[PlyCount "59"]
[EventDate "2015.01.31"]
[EventType "swiss"]
[EventRounds "11"]
[EventCountry "TUR"]
[SourceTitle "CBM 164 Extra"]
[Source "ChessBase"]
[SourceDate "2015.03.02"]
[SourceVersion "1"]
[SourceVersionDate "2015.03.02"]
[SourceQuality "1"]

1. e4 e6 2. d4 d5 3. exd5 exd5 4. Nf3 Bd6 5. c4 dxc4 6. Bxc4 Bg4 7. 0-0 Qf6 8. Bg5 Qg6 9. Qe1+ Ne7 10. Bxe7 Bxe7 11. Ne5 Qh5 12. Bxf7+ Qxf7 13. Nxf7 Kxf7 14. Qe4 Bc8 15. Nc3 c6 16. d5 Re8 17. Rfe1 Bd7 18. Qxh7 Na6 19. Qh5+ Kg8 20. Re3 Bc5 21. Rxe8+ Rxe8 22. Kf1 Rf8 23. Ne4 Bb6 24. d6 Nb4 25. Qe2 Nd5 26. Ng5 Ne3+ 27. Kg1 Ng4 28. Rf1 Nxf2 29. Qc4+ Kh8 30. Qh4+ 1-0

[Event "Manavgat Turkey Cup"]
[Site "Manavgat"]
[Date "2015.02.01"]
[Round "3"]
[White "Sazlik, Mucahit"]
[Black "Cil, Batuhan"]
[Result "1-0"]
[WhiteElo "1572"]
[BlackElo "1729"]
[PlyCount "74"]
[EventDate "2015.01.31"]
[EventType "swiss"]
[EventRounds "11"]
[EventCountry "TUR"]
[SourceTitle "CBM 164 Extra"]
[Source "ChessBase"]
[SourceDate "2015.03.02"]
[SourceVersion "1"]
[SourceVersionDate "2015.03.02"]
[SourceQuality "1"]

1. d4 Nf6 2. c4 d6 3. Nc3 Nbd7 4. e4 e5 5. d5 Be7 6. Bd3 c6 7. Nge2 0-0 8. f3 cxd5 9. cxd5 a6 10. Be3 b5 11. 0-0 Nb6 12. b3 b4 13. Nb1 Bd7 14. Qe1 a5 15. Nd2 Qb8 16. Qf2 Bd8 17. g4 a4 18. Ng3 axb3 19. axb3 Rxa1 20. Rxa1 Bxg4 21. Ra6 Nbd7 22. Ba7 Qc7 23. Rc6 Qa5 24. Rxd6 Qa1+ 25. Bf1 Bh3 26. Nc4 Bxf1 27. Nxf1 Re8 28. Be3 Nb8 29. Ba7 Bc7 30. Bxb8 Bxb8 31. Rc6 Ba7 32. Nce3 h6 33. Kg2 Nh5 34. Qc2 Qe1 35. Qc1 Nf4+ 36. Kh1 Qf2 37. Rc2 Qxf3+ 1-0